[Event "Glasgow Open"]
[Site "Glasgow"]
[Date "1979.09.21"]
[Round "1"]
[White "Bryson, Douglas M"]
[Black "Millar, Ian"]
[Result "1-0"]
[WhiteElo "2155"]
[BlackElo "1955"]
[PlyCount "53"]
[EventDate "1979.09.21"]
[EventType "swiss"]
[EventRounds "5"]
[EventCountry "SCO"]
[SourceVersionDate "2021.11.04"]

1. e4 e5 2. Nf3 Nc6 3. Bc4 Nf6 4. Ng5 Bc5 5. Bxf7+ Ke7 6. Bd5 Rf8 7. O-O d6 8.
h3 h6 9. Nf3 g5 10. Bxc6 bxc6 11. d4 exd4 12. Nxd4 Qe8 13. Nc3 Kd7 14. Re1 Qe5
15. Be3 Bb4 16. Nf3 Qe6 17. e5 Nd5 18. Nxd5 Bxe1 19. Nf6+ Rxf6 20. exf6 Ba5 21.
Nd4 Qxf6 22. Qg4+ Ke8 23. Qh5+ Kd7 24. h4 Bb6 25. hxg5 hxg5 26. Bxg5 Qg7 27.
Re1 1-0

[Event "Glasgow Open"]
[Site "Glasgow"]
[Date "1979.09.21"]
[Round "1"]
[White "Crorie, Ian D"]
[Black "Scrimgour, Alan"]
[Result "0-1"]
[WhiteElo "1945"]
[BlackElo "2110"]
[PlyCount "66"]
[EventDate "1979.09.21"]
[EventType "swiss"]
[EventRounds "5"]
[EventCountry "SCO"]
[SourceVersionDate "2021.11.04"]

1. d4 Nf6 2. c4 e6 3. Nc3 Bb4 4. Qc2 c5 5. dxc5 O-O 6. a3 Bxc5 7. Nf3 d5 8. Bg5
dxc4 9. e3 b5 10. Nxb5 Qa5+ 11. Nc3 Ba6 12. Bxf6 gxf6 13. Nd2 Rc8 14. Nce4 Be7
15. Qc3 Qxc3 16. Nxc3 Nd7 17. Be2 Rab8 18. Rb1 Ne5 19. O-O Nd3 20. Bxd3 cxd3
21. e4 Rb7 22. Rfc1 Rbc7 23. Ra1 Bc5 24. Rd1 Bd4 25. Ndb1 Rb8 26. Rd2 Rb3 27.
g3 Rcb7 28. Ra2 Bc4 29. Kg2 R3b6 30. b4 Bxc3 31. Nxc3 Bxa2 32. Nxa2 Rd7 33. Nc1
Ra6 0-1

[Event "Glasgow Open"]
[Site "Glasgow"]
[Date "1979.09.21"]
[Round "1"]
[White "Ferguson, Alan JC"]
[Black "Upton, Timothy J"]
[Result "0-1"]
[WhiteElo "1990"]
[BlackElo "2280"]
[PlyCount "58"]
[EventDate "1979.09.21"]
[EventType "swiss"]
[EventRounds "5"]
[EventCountry "SCO"]
[SourceVersionDate "2021.11.04"]

1. d4 d5 2. Nc3 Bf5 3. Bg5 Nf6 4. Bxf6 exf6 5. e3 Bb4 6. Bd3 Qd7 7. Nge2 O-O 8.
Ng3 Bg6 9. O-O Nc6 10. a3 Bxc3 11. bxc3 Na5 12. f4 Bxd3 13. cxd3 Rfe8 14. e4
Qc6 15. Rc1 dxe4 16. dxe4 Nc4 17. Qe2 Nxa3 18. f5 Kh8 19. Rf4 Qc4 20. Qg4 Qd3
21. Rd1 Qxc3 22. Nh5 Rg8 23. Qh4 Qb3 24. Re1 Qb6 25. e5 fxe5 26. Rg4 Nc2 27. f6
g5 28. Rxg5 Nxe1 29. Rxe5 Nf3+ 0-1

[Event "Glasgow Open"]
[Site "Glasgow"]
[Date "1979.09.21"]
[Round "1"]
[White "Giulian, Philip M"]
[Black "Lamond, Angus I"]
[Result "1-0"]
[WhiteElo "2175"]
[BlackElo "1980"]
[PlyCount "83"]
[EventDate "1979.09.21"]
[EventType "swiss"]
[EventRounds "5"]
[EventCountry "SCO"]
[SourceVersionDate "2021.11.04"]

1. d4 Nf6 2. c4 e6 3. Nc3 Bb4 4. g3 c5 5. Nf3 b6 6. Bg2 Bxc3+ 7. bxc3 Bb7 8. d5
exd5 9. Nh4 O-O 10. cxd5 Re8 11. O-O d6 12. Re1 Ne4 13. Qd3 Ba6 14. Qc2 Nf6 15.
Nf5 Bc4 16. e4 Ng4 17. f4 g6 18. Nh4 Nd7 19. h3 Ngf6 20. Be3 Nh5 21. Bf2 Ndf6
22. Rad1 Qd7 23. Kh2 Rad8 24. Be3 Qe7 25. Bf2 Qf8 26. Nf3 Rd7 27. Nd2 Ba6 28.
c4 Qh6 29. Kh1 Rde7 30. Qd3 Bc8 31. Qf3 Nd7 32. Be3 Qg7 33. g4 Nhf6 34. Bf2 Nf8
35. Bh4 Rc7 36. Qd3 N6d7 37. Bg3 Qd4 38. Qxd4 cxd4 39. Bf2 Ba6 40. Bf1 Rec8 41.
Bxd4 Nc5 42. e5 1-0

[Event "Glasgow Open"]
[Site "Glasgow"]
[Date "1979.09.21"]
[Round "1"]
[White "Pritchett, Craig William"]
[Black "Mitchell, Stephen"]
[Result "1-0"]
[WhiteElo "2435"]
[BlackElo "2005"]
[PlyCount "51"]
[EventDate "1979.09.21"]
[EventType "swiss"]
[EventRounds "5"]
[EventCountry "SCO"]
[SourceVersionDate "2021.11.04"]

1. Nf3 e6 2. c4 Nf6 3. g3 c6 4. Bg2 d5 5. b3 d4 6. O-O c5 7. e3 Nc6 8. exd4
cxd4 9. d3 Bd6 10. Bg5 h6 11. Bxf6 Qxf6 12. a3 g5 13. b4 g4 14. Ne1 h5 15. Nd2
Qg6 16. c5 Bc7 17. b5 Ne5 18. Qa4 h4 19. b6+ Bd7 20. Qxd4 axb6 21. cxb6 Qh6 22.
bxc7 hxg3 23. fxg3 Qxh2+ 24. Kf2 Rh5 25. Rh1 Rf5+ 26. Ke2 1-0

[Event "Glasgow Open"]
[Site "Glasgow"]
[Date "1979.09.21"]
[Round "1"]
[White "Pyrich, George"]
[Black "Orr, Mark JL"]
[Result "0-1"]
[WhiteElo "1990"]
[BlackElo "2215"]
[PlyCount "108"]
[EventDate "1979.09.21"]
[EventType "swiss"]
[EventRounds "5"]
[EventCountry "SCO"]
[SourceVersionDate "2021.11.04"]

1. e4 e5 2. Nf3 Nc6 3. Bb5 a6 4. Ba4 Nf6 5. O-O Be7 6. Bxc6 dxc6 7. d3 Nd7 8.
Nbd2 O-O 9. Nc4 f6 10. b3 Nc5 11. Bb2 Ne6 12. g3 Qe8 13. Nh4 g6 14. Kh1 Ng7 15.
Ng2 b5 16. Nce3 Bd6 17. f4 exf4 18. gxf4 c5 19. Nd5 Nh5 20. Qd2 c6 21. Nde3 Ra7
22. Rf2 Bh3 23. Raf1 Raf7 24. Re1 Qb8 25. Ref1 g5 26. e5 Bc7 27. fxg5 Bxe5 28.
Bxe5 Qxe5 29. Nf5 Bxf5 30. Rxf5 Qe7 31. gxf6 Rxf6 32. Qg5+ Qg7 33. Qxg7+ Kxg7
34. Rxf6 Rxf6 35. Kg1 Rxf1+ 36. Kxf1 Kf6 37. Ne1 Ke5 38. Nf3+ Kf4 39. Kf2 Nf6
40. c4 Ng4+ 41. Ke2 h5 42. d4 bxc4 43. bxc4 Nxh2 44. Ne5 cxd4 45. Nxc6 Nf3 46.
Nb4 Ne5 47. c5 h4 48. Kf1 Ke4 49. a4 h3 50. a5 d3 51. c6 Nxc6 52. Nxa6 d2 53.
Ke2 h2 54. Nc5+ Kd5 0-1

[Event "Glasgow Open"]
[Site "Glasgow"]
[Date "1979.09.21"]
[Round "1"]
[White "Quinn, David"]
[Black "White, Alastair F"]
[Result "1-0"]
[WhiteElo "1955"]
[BlackElo "2150"]
[PlyCount "41"]
[EventDate "1979.09.21"]
[EventType "swiss"]
[EventRounds "5"]
[EventCountry "SCO"]
[SourceVersionDate "2021.11.04"]

1. Nf3 Nf6 2. g3 d5 3. Bg2 c5 4. O-O Nc6 5. d4 e6 6. c4 Qb6 7. cxd5 Nxd4 8.
Nxd4 cxd4 9. e4 Be7 10. Bf4 O-O 11. Nd2 exd5 12. exd5 Rd8 13. Nc4 Qb4 14. Qxd4
Bg4 15. a3 Qb5 16. d6 Be2 17. Rfe1 Bxc4 18. Rxe7 Nd5 19. Rxb7 Nxf4 20. Qxf4 Qa6
21. Rc7 1-0

[Event "Glasgow Open"]
[Site "Glasgow"]
[Date "1979.09.21"]
[Round "1"]
[White "Reid, Alan"]
[Black "Dick, JW."]
[Result "1-0"]
[WhiteElo "2215"]
[BlackElo "1990"]
[PlyCount "106"]
[EventDate "1979.09.21"]
[EventType "swiss"]
[EventRounds "5"]
[EventCountry "SCO"]
[SourceVersionDate "2021.11.04"]

1. e4 e5 2. Nc3 Nc6 3. Bc4 Nf6 4. d3 Bc5 5. Bg5 h6 6. Bh4 d6 7. Nge2 Be6 8. Bb3
Bxb3 9. axb3 Bb4 10. Bxf6 Qxf6 11. O-O Bxc3 12. Nxc3 Nd4 13. f4 c6 14. Qd2 O-O
15. Rf2 exf4 16. Rxf4 Qg5 17. Raf1 Ne6 18. R4f2 Qxd2 19. Rxd2 Nd4 20. Rdf2 Rae8
21. Nd1 f5 22. exf5 Re2 23. Rxe2 Nxe2+ 24. Kh1 Nd4 25. Ne3 Re8 26. Nc4 Nxf5 27.
Kg1 d5 28. Rxf5 dxc4 29. bxc4 Re1+ 30. Rf1 Re7 31. Rc1 Kf7 32. h3 h5 33. Rf1+
Ke8 34. Rf2 Re1+ 35. Kh2 Rb1 36. b3 h4 37. Re2+ Kf7 38. Rf2+ Ke7 39. Re2+ Kf7
40. Rd2 a6 41. d4 Rf1 42. d5 cxd5 43. cxd5 b5 44. Rd4 g5 45. c4 bxc4 46. d6
cxb3 47. d7 b2 48. d8=Q b1=Q 49. Rd7+ Kg6 50. Qg8+ Kf5 51. Qf8+ Ke4 52. Qe8+
Kf4 53. Rf7+ Qf5 1-0

[Event "Glasgow Open"]
[Site "Glasgow"]
[Date "1979.09.21"]
[Round "1"]
[White "Reid, Neil"]
[Black "Swanson, Stephen"]
[Result "1-0"]
[WhiteElo "1995"]
[BlackElo "2350"]
[PlyCount "83"]
[EventDate "1979.09.21"]
[EventType "swiss"]
[EventRounds "5"]
[EventCountry "SCO"]
[SourceVersionDate "2021.11.04"]

1. d4 d6 2. e4 Nf6 3. Nc3 g6 4. f4 Bg7 5. Nf3 c5 6. dxc5 Qa5 7. Bd3 Qxc5 8. Qe2
Bg4 9. Be3 Qa5 10. O-O O-O 11. h3 Bxf3 12. Qxf3 Nc6 13. a3 Nd7 14. Rab1 a6 15.
b4 Qxa3 16. Rb3 Qxb3 17. cxb3 Bxc3 18. b5 Nd4 19. Bxd4 Bxd4+ 20. Kh1 axb5 21.
Bxb5 Nb6 22. Qd3 e5 23. f5 Ra2 24. Bc4 Kg7 25. h4 f6 26. Be6 Rfa8 27. Qg3 Ra1
28. Rxa1 Rxa1+ 29. Kh2 Rf1 30. Qd3 Re1 31. Qc2 Be3 32. g4 Bf4+ 33. Kg2 Rc1 34.
Qf2 Nc8 35. Bxc8 Rxc8 36. Qb6 Rc2+ 37. Kf3 Rc3+ 38. Ke2 Re3+ 39. Kf2 Rd3 40.
Qxb7+ Kg8 41. g5 gxf5 42. gxf6 1-0

[Event "Glasgow Open"]
[Site "Glasgow"]
[Date "1979.09.21"]
[Round "1"]
[White "Sinclair, Ian"]
[Black "Treasurer, John L"]
[Result "1-0"]
[WhiteElo "2345"]
[BlackElo "1995"]
[PlyCount "81"]
[EventDate "1979.09.21"]
[EventType "swiss"]
[EventRounds "5"]
[EventCountry "SCO"]
[SourceVersionDate "2021.11.04"]

1. e4 e6 2. d3 d5 3. Nd2 b6 4. Ngf3 Bb7 5. c3 c5 6. Be2 Nc6 7. O-O Bd6 8. a3 a5
9. Re1 Nge7 10. Nf1 O-O 11. Bg5 Qc7 12. Bh4 Ng6 13. Bg3 Rad8 14. exd5 exd5 15.
d4 Rfe8 16. Bb5 Re7 17. Qd2 c4 18. Bxc6 Bxc6 19. Rxe7 Qxe7 20. Re1 Qb7 21. h4
Nf8 22. h5 h6 23. Nh4 Nh7 24. Bxd6 Rxd6 25. Nf5 Rf6 26. Re5 Ng5 27. N1e3 Kf8
28. Qe2 Re6 29. f4 f6 30. Rxe6 Nxe6 31. g3 Qd7 32. Nh4 b5 33. Qg4 b4 34. axb4
axb4 35. Qf5 bxc3 36. bxc3 Kg8 37. Ng6 Qd6 38. Nxd5 Bxd5 39. Qxd5 Qa6 40. f5
Qa1+ 41. Kh2 1-0

[Event "Glasgow Open"]
[Site "Glasgow"]
[Date "1979.09.22"]
[Round "2"]
[White "Boyle, Christopher F"]
[Black "Sinclair, Ian"]
[Result "0-1"]
[WhiteElo "2015"]
[BlackElo "2345"]
[PlyCount "72"]
[EventDate "1979.09.21"]
[EventType "swiss"]
[EventRounds "5"]
[EventCountry "SCO"]
[SourceVersionDate "2021.11.04"]

1. e4 c5 2. Nc3 Nc6 3. g3 g6 4. Bg2 Bg7 5. f4 e6 6. Nf3 Nge7 7. O-O O-O 8. Kh1
d6 9. Ne2 f5 10. d3 Rb8 11. c3 b5 12. Nh4 b4 13. Be3 bxc3 14. bxc3 Qa5 15. exf5
gxf5 16. Qc2 Bd7 17. Bd2 Rfc8 18. Nc1 Qb6 19. Nb3 a5 20. Rfb1 a4 21. Nc1 Qa5
22. Nf3 a3 23. Rxb8 Rxb8 24. Nb3 Qa4 25. Rc1 Nd5 26. Ng5 Na5 27. Nxa5 Qxc2 28.
Rxc2 Rb2 29. Rc1 Rxd2 30. Bxd5 exd5 31. Re1 Rxa2 32. Re7 Rb2 33. Rxd7 a2 34.
Rd8+ Bf8 35. Nb3 Rxb3 36. Ne6 a1=Q+ 0-1

[Event "Glasgow Open"]
[Site "Glasgow"]
[Date "1979.09.22"]
[Round "2"]
[White "Buchanan, Walter F"]
[Black "Kilgour, Brian"]
[Result "1-0"]
[WhiteElo "2075"]
[BlackElo "1985"]
[PlyCount "93"]
[EventDate "1979.09.21"]
[EventType "swiss"]
[EventRounds "5"]
[EventCountry "SCO"]
[SourceVersionDate "2021.11.04"]

1. e4 e6 2. d4 d5 3. e5 c5 4. c3 Nc6 5. Nf3 Qb6 6. Be2 Nge7 7. Na3 cxd4 8. cxd4
Nf5 9. Nc2 Bb4+ 10. Bd2 Bxd2+ 11. Qxd2 Qxb2 12. O-O Qb6 13. Bd3 Bd7 14. Bxf5
exf5 15. Qg5 O-O 16. Rab1 Qc7 17. Ne3 Be6 18. Nxf5 f6 19. exf6 Rxf6 20. Qg3 Qd7
21. Ne3 Rg6 22. Ne5 Rxg3 23. Nxd7 Rxe3 24. fxe3 Bxd7 25. Rxb7 Be6 26. Rc7 Rc8
27. Rxc8+ Bxc8 28. Rc1 Bb7 29. Rc5 Nd8 30. Rc7 Kf8 31. Rd7 Ke8 32. Rxg7 h6 33.
Rc7 a6 34. Kf2 Bc6 35. Kf3 Bb5 36. Kg4 Bd3 37. Kh5 Nf7 38. h4 Kf8 39. Rd7 Be4
40. g3 Kg7 41. Kg4 Kf6 42. Rc7 Bd3 43. Rc6+ Kg7 44. a3 Be2+ 45. Kf4 Bd3 46. Rc5
Be4 47. Ra5 1-0

[Event "Glasgow Open"]
[Site "Glasgow"]
[Date "1979.09.22"]
[Round "2"]
[White "Byrne, David G"]
[Black "Kilgour, David A"]
[Result "1-0"]
[WhiteElo "1915"]
[BlackElo "2200"]
[PlyCount "81"]
[EventDate "1979.09.21"]
[EventType "swiss"]
[EventRounds "5"]
[EventCountry "SCO"]
[SourceVersionDate "2021.11.04"]

1. c4 e5 2. Nc3 Nf6 3. Nf3 Nc6 4. g3 Bb4 5. Bg2 Bxc3 6. dxc3 h6 7. O-O O-O 8.
Ne1 e4 9. Nc2 d6 10. Ne3 Re8 11. Qc2 Nb8 12. Bd2 Nbd7 13. Rad1 b6 14. f4 exf3
15. exf3 Bb7 16. Bc1 Rb8 17. b3 Ne5 18. h3 Ned7 19. Nd5 Nxd5 20. cxd5 Ba6 21.
Rfe1 Nc5 22. c4 b5 23. f4 Nd7 24. cxb5 Rxe1+ 25. Rxe1 Bxb5 26. Bb2 Nc5 27. Bd4
Nd7 28. Bxa7 Rb7 29. Bd4 Nf8 30. Qc3 f6 31. a4 Bd7 32. g4 Qb8 33. Re3 Ng6 34.
Bxf6 Qf8 35. f5 Nf4 36. Be7 Qf7 37. Qd4 Nxg2 38. Kxg2 Rb6 39. Bd8 Qf8 40. Bxc7
Rb7 41. Bb6 1-0

[Event "Glasgow Open"]
[Site "Glasgow"]
[Date "1979.09.22"]
[Round "2"]
[White "Finnie, Douglas S"]
[Black "Reid, Alan"]
[Result "0-1"]
[WhiteElo "1990"]
[BlackElo "2215"]
[PlyCount "35"]
[EventDate "1979.09.21"]
[EventType "swiss"]
[EventRounds "5"]
[EventCountry "SCO"]
[SourceVersionDate "2021.11.04"]

1. e4 e5 2. Bc4 Nf6 3. d4 exd4 4. Nf3 Nc6 5. e5 d5 6. Bb5 Ne4 7. Nxd4 Bc5 8.
Be3 Bd7 9. Bxc6 bxc6 10. f3 Qh4+ 11. g3 Nxg3 12. Bf2 Qh3 13. Bxg3 Qg2 14. Rf1
Bh3 15. Nd2 Bxd4 16. Bf2 Bxb2 17. Rb1 Bc3 18. Qe2 0-1

[Event "Glasgow Open"]
[Site "Glasgow"]
[Date "1979.09.22"]
[Round "2"]
[White "Lamont, IL."]
[Black "Pritchett, Craig William"]
[Result "0-1"]
[WhiteElo "2030"]
[BlackElo "2435"]
[PlyCount "58"]
[EventDate "1979.09.21"]
[EventType "swiss"]
[EventRounds "5"]
[EventCountry "SCO"]
[SourceVersionDate "2021.11.04"]

1. c4 Nf6 2. Nc3 c5 3. Nf3 Nc6 4. g3 d5 5. cxd5 Nxd5 6. Bg2 Nc7 7. O-O g6 8. d3
Bg7 9. Be3 b6 10. Qa4 Bd7 11. Qh4 e5 12. Bg5 f6 13. Bh6 O-O 14. Bxg7 Kxg7 15.
Nd2 f5 16. Qxd8 Raxd8 17. Nc4 Rfe8 18. a3 Nd4 19. b4 Ncb5 20. Nxb5 Nxe2+ 21.
Kh1 Bxb5 22. Rfe1 Bxc4 23. dxc4 Nd4 24. Ra2 e4 25. bxc5 bxc5 26. Rb2 Rb8 27.
Reb1 Rxb2 28. Rxb2 Kf6 29. Kg1 Re6 0-1

[Event "Glasgow Open"]
[Site "Glasgow"]
[Date "1979.09.22"]
[Round "2"]
[White "Norris, Alan J"]
[Black "Coffey, Anthony"]
[Result "1-0"]
[WhiteElo "2195"]
[BlackElo "1975"]
[PlyCount "59"]
[EventDate "1979.09.21"]
[EventType "swiss"]
[EventRounds "5"]
[EventCountry "SCO"]
[SourceVersionDate "2021.11.04"]

1. d4 Nf6 2. c4 g6 3. Nc3 Bg7 4. e4 d6 5. Nf3 O-O 6. Be2 c5 7. O-O Nc6 8. d5
Na5 9. h3 b5 10. cxb5 a6 11. a4 axb5 12. axb5 Nd7 13. Qc2 Bb7 14. b3 Qc7 15.
Nd2 Rfb8 16. Bb2 Bc8 17. Ra2 Nb7 18. Rfa1 Nb6 19. Nc4 Rxa2 20. Rxa2 Ra8 21. Ra6
Nxc4 22. Rxa8 Nb6 23. Ra1 e5 24. Bg4 Nd7 25. Ra8 Nb6 26. Ra6 Nd7 27. Na4 Nd8
28. Rc6 Nxc6 29. dxc6 Nb6 30. Nxb6 1-0

[Event "Glasgow Open"]
[Site "Glasgow"]
[Date "1979.09.22"]
[Round "2"]
[White "Scrimgour, Alan"]
[Black "Walker, Roger H"]
[Result "1-0"]
[WhiteElo "2110"]
[BlackElo "2070"]
[PlyCount "119"]
[EventDate "1979.09.21"]
[EventType "swiss"]
[EventRounds "5"]
[EventCountry "SCO"]
[SourceVersionDate "2021.11.04"]

1. e4 e6 2. d4 d5 3. Nc3 Bb4 4. e5 c5 5. a3 Bxc3+ 6. bxc3 Ne7 7. a4 Qa5 8. Qd2
Nbc6 9. Nf3 Bd7 10. Bd3 c4 11. Be2 f6 12. Ba3 O-O-O 13. O-O Rhe8 14. Rfb1 fxe5
15. dxe5 b6 16. Rb5 Qa6 17. Qc1 Na5 18. Rb2 Nec6 19. Qe3 h6 20. Rba2 g5 21. Bb4
Rg8 22. Nd4 Nxd4 23. cxd4 Rg7 24. Ra3 Rf7 25. Qd2 Nc6 26. Bd6 Qa5 27. Qxa5 Nxa5
28. Rh3 Rh8 29. g3 Nc6 30. c3 Na5 31. Bd1 Rg7 32. Ba3 Be8 33. Bc1 Kd7 34. g4
Bf7 35. Rg3 Bg6 36. f4 Be4 37. Ra2 gxf4 38. Bxf4 Rf7 39. Rf2 Rhf8 40. Be3 Rxf2
41. Bxf2 Bd3 42. Rh3 Rh8 43. Be3 h5 44. gxh5 Nc6 45. Rg3 Ne7 46. Rg7 Rh7 47. h6
Rxg7+ 48. hxg7 Bh7 49. Bg5 Nf5 50. Bf6 a6 51. Bh5 b5 52. axb5 axb5 53. Bg6 Bg8
54. Kf2 b4 55. Bxf5 exf5 56. cxb4 Be6 57. h4 Ke8 58. h5 Kf7 59. h6 Kg8 60. b5
1-0

[Event "Glasgow Open"]
[Site "Glasgow"]
[Date "1979.09.22"]
[Round "2"]
[White "Upton, Timothy J"]
[Black "Gray, William"]
[Result "1-0"]
[WhiteElo "2280"]
[BlackElo "2075"]
[PlyCount "93"]
[EventDate "1979.09.21"]
[EventType "swiss"]
[EventRounds "5"]
[EventCountry "SCO"]
[SourceVersionDate "2021.11.04"]

1. e4 c5 2. Nf3 d6 3. d4 cxd4 4. Nxd4 Nf6 5. Nc3 g6 6. Be2 Bg7 7. O-O Nc6 8.
Nb3 Be6 9. f4 Qc8 10. Bd3 Nb4 11. Bb5+ Nc6 12. Qd3 a6 13. Bxc6+ Qxc6 14. Nd4
Bc4 15. Nxc6 Bxd3 16. cxd3 bxc6 17. d4 O-O 18. e5 Nd7 19. Na4 Rab8 20. Be3 Nb6
21. Nxb6 Rxb6 22. b3 a5 23. Rfc1 a4 24. bxa4 Ra8 25. Rab1 Rba6 26. Rc4 Bh6 27.
g4 Bf8 28. f5 dxe5 29. dxe5 Rxa4 30. Rxa4 Rxa4 31. Rb8 Kg7 32. f6+ exf6 33.
exf6+ Kxf6 34. Rxf8 Rxg4+ 35. Kh1 Ra4 36. Rc8 Rxa2 37. Rxc6+ Kf5 38. Rc7 Ke6
39. Bg5 Kf5 40. h4 h6 41. Bxh6 f6 42. Rc4 Ra7 43. Be3 Rh7 44. Kg2 g5 45. hxg5
fxg5 46. Rc5+ Ke4 47. Bxg5 1-0

[Event "Glasgow Open"]
[Site "Glasgow"]
[Date "1979.09.22"]
[Round "3"]
[White "Bryson, Douglas M"]
[Black "Upton, Timothy J"]
[Result "0-1"]
[WhiteElo "2155"]
[BlackElo "2280"]
[PlyCount "58"]
[EventDate "1979.09.21"]
[EventType "swiss"]
[EventRounds "5"]
[EventCountry "SCO"]
[SourceVersionDate "2021.11.04"]

1. e4 e5 2. Nf3 Nc6 3. Bc4 Nf6 4. d4 exd4 5. O-O Nxe4 6. Re1 d5 7. Bxd5 Qxd5 8.
Nc3 Qa5 9. Nxe4 Be6 10. Bd2 Qf5 11. Bg5 Bd6 12. Nxd4 Nxd4 13. Qxd4 O-O 14. Nxd6
Qxg5 15. Ne4 Qh4 16. Rad1 Rfd8 17. Qe5 Rxd1 18. Rxd1 Rd8 19. Re1 Qe7 20. f4 Qb4
21. Nc3 Qb6+ 22. Kh1 Qf2 23. Rg1 Rd7 24. Qe4 c6 25. h3 h6 26. a3 Rd2 27. Qe5
Bxh3 28. Qe8+ Kh7 29. Qe4+ f5 0-1

[Event "Glasgow Open"]
[Site "Glasgow"]
[Date "1979.09.22"]
[Round "3"]
[White "Henderson, John B"]
[Black "Stewart, Alan W"]
[Result "0-1"]
[WhiteElo "1705"]
[BlackElo "1895"]
[PlyCount "36"]
[EventDate "1979.09.21"]
[EventType "swiss"]
[EventRounds "5"]
[EventCountry "SCO"]
[SourceVersionDate "2021.11.04"]

1. e4 Nf6 2. Nc3 d5 3. e5 Nfd7 4. d4 e6 5. Qg4 c5 6. Nb5 cxd4 7. Nd6+ Bxd6 8.
exd6 Qf6 9. Nf3 e5 10. Bb5 Nc6 11. Qg3 O-O 12. Bxc6 bxc6 13. O-O c5 14. Nh4 Nb6
15. Re1 Re8 16. Nf3 Nd7 17. Nh4 Qxd6 18. Nf5 Qg6 0-1

[Event "Glasgow Open"]
[Site "Glasgow"]
[Date "1979.09.22"]
[Round "3"]
[White "Mitchell, Robert J"]
[Black "Scrimgour, Alan"]
[Result "0-1"]
[WhiteElo "1815"]
[BlackElo "2110"]
[PlyCount "54"]
[EventDate "1979.09.21"]
[EventType "swiss"]
[EventRounds "5"]
[EventCountry "SCO"]
[SourceVersionDate "2021.11.04"]

1. g3 g6 2. Bg2 Bg7 3. d3 d6 4. e4 c5 5. f4 Nc6 6. Nf3 e6 7. O-O Nge7 8. c3 O-O
9. g4 f5 10. h3 Rb8 11. Qe1 Qc7 12. Qh4 Bd7 13. a4 a6 14. Na3 b5 15. axb5 axb5
16. Nc2 Rbe8 17. exf5 exf5 18. d4 Na5 19. dxc5 dxc5 20. Ng5 h6 21. Nf3 Nb3 22.
Ra6 Bc8 23. Ra3 Nxc1 24. Rxc1 fxg4 25. hxg4 Qxf4 26. Re1 g5 27. Qh2 Qxg4 0-1

[Event "Glasgow Open"]
[Site "Glasgow"]
[Date "1979.09.22"]
[Round "3"]
[White "Pritchett, Craig William"]
[Black "Jennings, Richard L"]
[Result "1-0"]
[WhiteElo "2435"]
[BlackElo "1850"]
[PlyCount "41"]
[EventDate "1979.09.21"]
[EventType "swiss"]
[EventRounds "5"]
[EventCountry "SCO"]
[SourceVersionDate "2021.11.04"]

1. Nf3 c5 2. e4 d6 3. d4 cxd4 4. Nxd4 Nf6 5. Nc3 a6 6. Be2 e6 7. f4 Qc7 8. O-O
Nbd7 9. Bf3 Nc5 10. a4 e5 11. Nde2 Be7 12. f5 O-O 13. g4 h6 14. h4 Ncxe4 15.
Nxe4 Nxe4 16. Bxe4 Bxh4 17. Nc3 Qc5+ 18. Kg2 Ra7 19. Qf3 Bg5 20. Bxg5 hxg5 21.
f6 1-0

[Event "Glasgow Open"]
[Site "Glasgow"]
[Date "1979.09.22"]
[Round "3"]
[White "Sinclair, Ian"]
[Black "McLay, John"]
[Result "1-0"]
[WhiteElo "2345"]
[BlackElo "1790"]
[PlyCount "69"]
[EventDate "1979.09.21"]
[EventType "swiss"]
[EventRounds "5"]
[EventCountry "SCO"]
[SourceVersionDate "2021.11.04"]

1. Nf3 c5 2. e4 d6 3. d4 cxd4 4. Qxd4 Bd7 5. c4 Nc6 6. Qd2 g6 7. b3 Bg7 8. Bb2
Nf6 9. Nc3 O-O 10. Be2 Qa5 11. Rb1 Ne8 12. a3 Rc8 13. O-O Kh8 14. b4 Qd8 15.
Nd5 Nc7 16. Bxg7+ Kxg7 17. Rfd1 Ne6 18. Rbc1 b6 19. Rc3 f6 20. Nh4 Ne5 21. f4
Nf7 22. Rg3 Nc7 23. Nf5+ Bxf5 24. exf5 Qd7 25. fxg6 hxg6 26. Bh5 Nh8 27. Bxg6
Nxg6 28. f5 Rh8 29. Rxg6+ Kf7 30. Nxc7 Qxc7 31. Qd5+ Kf8 32. Rd4 Ke8 33. Rg7
Qd8 34. Re4 Rc7 35. Qf7+ 1-0

[Event "Glasgow Open"]
[Site "Glasgow"]
[Date "1979.09.22"]
[Round "3"]
[White "Gillespie, David Mcphail"]
[Black "Norris, Alan J"]
[Result "0-1"]
[WhiteElo "1875"]
[BlackElo "2195"]
[PlyCount "80"]
[EventDate "1979.09.21"]
[EventType "swiss"]
[EventRounds "5"]
[EventCountry "SCO"]
[SourceVersionDate "2021.11.04"]

1. e4 c5 2. Nf3 Nc6 3. d4 cxd4 4. Nxd4 Nf6 5. Nc3 e5 6. Ndb5 d6 7. Na3 a6 8.
Bd3 Be6 9. Nc4 b5 10. Ne3 g6 11. O-O Bg7 12. Kh1 O-O 13. f4 exf4 14. Rxf4 Nh5
15. Rf1 Be5 16. Qe1 Nd4 17. Ncd5 Rb8 18. c3 Nc6 19. Be2 Nf6 20. Nxf6+ Bxf6 21.
Qf2 Bg7 22. Nd5 Bxd5 23. exd5 Ne7 24. Rd1 Nf5 25. Bg4 Nh6 26. Bxh6 Bxh6 27. Re1
Bg7 28. a3 Qg5 29. Bf3 Be5 30. g3 Kg7 31. Qe3 Qe7 32. Kg2 h5 33. h3 Rbe8 34. a4
Qb7 35. axb5 Bxg3 36. Qxe8 Rxe8 37. Rxe8 Qxb5 38. Kxg3 Qxe8 39. Rxa6 Qe1+ 40.
Kg2 h4 0-1

[Event "Glasgow Open"]
[Site "Glasgow"]
[Date "1979.09.22"]
[Round "3"]
[White "Giulian, Philip M"]
[Black "Byrne, David G"]
[Result "1-0"]
[WhiteElo "2175"]
[BlackElo "1915"]
[PlyCount "49"]
[EventDate "1979.09.21"]
[EventType "swiss"]
[EventRounds "5"]
[EventCountry "SCO"]
[SourceVersionDate "2021.11.04"]

1. d4 Nf6 2. c4 g6 3. Nf3 Bg7 4. g3 O-O 5. Bg2 d6 6. O-O Nbd7 7. Nc3 e5 8. e4
c6 9. h3 Re8 10. Re1 Qe7 11. Be3 exd4 12. Nxd4 Nc5 13. f3 Bd7 14. Bf2 a6 15. f4
Rad8 16. Qf3 Bc8 17. Rad1 Qc7 18. g4 Ne6 19. Kh1 b5 20. e5 dxe5 21. fxe5 Nd7
22. Qxc6 bxc4 23. Qxc7 Nxc7 24. Nc6 Ne6 25. Nd5 1-0

[Event "Glasgow Open"]
[Site "Glasgow"]
[Date "1979.09.22"]
[Round "3"]
[White "Bell, SC."]
[Black "Orr, Mark JL"]
[Result "0-1"]
[WhiteElo "1845"]
[BlackElo "2215"]
[PlyCount "80"]
[EventDate "1979.09.21"]
[EventType "swiss"]
[EventRounds "5"]
[EventCountry "SCO"]
[SourceVersionDate "2021.11.04"]

1. d4 Nf6 2. c4 g6 3. Nc3 d5 4. Nf3 Bg7 5. Qb3 dxc4 6. Qxc4 O-O 7. e4 Bg4 8.
Be3 Nfd7 9. Qb3 Nb6 10. Rd1 Nc6 11. d5 Ne5 12. Be2 Nxf3+ 13. gxf3 Bd7 14. h4 h5
15. Bd4 e5 16. Be3 Bf6 17. Rd3 Bxh4 18. f4 exf4 19. Bxf4 Qf6 20. Bg3 Bxg3 21.
Rxg3 h4 22. Rg2 Kg7 23. Qd1 Rh8 24. Bg4 Bxg4 25. Qxg4 Nc4 26. Qe2 Ne5 27. Rh3
c6 28. dxc6 bxc6 29. Qe3 Rad8 30. Qe2 Qf4 31. Qe3 Qxe3+ 32. Rxe3 h3 33. Rg1
Nd3+ 34. Ke2 Nxb2 35. Rh1 h2 36. f4 Nc4 37. Rd3 Rb8 38. Rd4 Rb2+ 39. Kd3 c5 40.
Rxc4 Rh3# 0-1

[Event "Glasgow Open"]
[Site "Glasgow"]
[Date "1979.09.22"]
[Round "3"]
[White "Pyrich, George"]
[Black "Campbell, Eoin"]
[Result "1-0"]
[WhiteElo "1990"]
[BlackElo "1755"]
[PlyCount "57"]
[EventDate "1979.09.21"]
[EventType "swiss"]
[EventRounds "5"]
[EventCountry "SCO"]
[SourceVersionDate "2021.11.04"]

1. e4 c5 2. Nf3 e6 3. d4 cxd4 4. Nxd4 a6 5. Nc3 Qc7 6. g3 Nf6 7. Bg2 Nc6 8. O-O
Be7 9. Re1 Nxd4 10. Qxd4 d6 11. h3 Bd7 12. Be3 Bc6 13. a4 a5 14. Rad1 O-O 15.
Qc4 Rac8 16. Nb5 Qb8 17. Qd3 d5 18. exd5 Bxd5 19. Bf4 Qa8 20. Nc7 Qa7 21. Nxd5
Nxd5 22. Bxd5 Bc5 23. Qf3 exd5 24. Rxd5 Rfd8 25. Red1 Rxd5 26. Rxd5 b6 27. Be3
Qa8 28. Bxc5 Rxc5 29. Rxc5 1-0